Statistics for Countries with Glaciers

Click here to take the quiz!

General Stats

  • This quiz has been taken 72,434 times
    (23,364 since last reset)
  • The average score is 40 of 49

Answer Stats

ContinentCountry% Correct
Asia/EuropeRussia
98%
North AmericaCanada
97%
North AmericaUnited States
97%
EuropeNorway
96%
EuropeSweden
96%
South AmericaChile
95%
South AmericaArgentina
94%
AsiaChina
94%
EuropeFrance
92%
North AmericaMexico
91%
OceaniaNew Zealand
91%
South AmericaPeru
91%
South AmericaBolivia
89%
EuropeGermany
89%
AsiaIndia
89%
South AmericaColombia
88%
EuropeItaly
88%
EuropeSwitzerland
88%
EuropeIceland
87%
AsiaJapan
87%
EuropeAustria
86%
South AmericaEcuador
86%
AsiaNepal
86%
EuropeSpain
86%
AsiaKazakhstan
85%
AsiaMongolia
83%
AsiaPakistan
83%
South AmericaVenezuela
83%
AsiaAfghanistan
81%
AsiaBhutan
80%
AsiaTajikistan
80%
AsiaUzbekistan
80%
AsiaArmenia
79%
AsiaAzerbaijan
79%
AsiaKyrgyzstan
79%
AsiaTurkey
78%
AsiaIran
77%
AfricaKenya
77%
AfricaTanzania
77%
AsiaGeorgia
76%
EuropeSlovenia
73%
EuropeRomania
71%
EuropeAlbania
70%
AsiaIndonesia
70%
EuropeBulgaria
66%
AfricaUganda
66%
AfricaD. R. Congo
64%
AsiaMyanmar
61%
EuropeMontenegro
53%

Score Distribution

Percentile by Number Answered

Percent of People with Each Score

Your Score History

You have not taken this quiz since the last reset